000
00360nam a22001337a 4500
020
_a
9787513817394
082
_a
915.1035 SIN
100
_a
Sinolingua
245
_a
China Close-up : a very Chinese China
_c
Sinolingua
260
_a
Beijing
_b
Sinolingua
_c
2019
300
_a
145p; CD
942
_2
ddc
_c
BK
999
_c
587855
_d
587855